Neuroéthologie / (Record no. 13863)

000 -LEADER
fixed length control field 00486nam a2200169 a 4500
020 ## - INTERNATIONAL STANDARD BOOK NUMBER
ISBN 222203907X :
040 ## - CATALOGING SOURCE
Transcribing agency DLC
082 00 - DEWEY DECIMAL CLASSIFICATION NUMBER
Classification number 591 PRE 1986 A058 Or.
245 00 - TITLE STATEMENT
Title Neuroéthologie /
260 ## - PUBLICATION, DISTRIBUTION, ETC. (IMPRINT)
Place of publication Paris :
Name of publisher Editions du Centre national de la recherche scientifique :
-- Presses du CNRS, diffusion,
Year of publication 1986.
300 ## - PHYSICAL DESCRIPTION
Number of Pages 144 p. :
Other physical details ill. ;
Dimensions 25 cm.
490 1# - SERIES STATEMENT
Series statement Comportements,
650 #0 - SUBJECT ADDED ENTRY--TOPICAL TERM
Topical Term Neuropsychology.
650 #0 - SUBJECT ADDED ENTRY--TOPICAL TERM
Topical Term Animal behavior.
700 1# - ADDED ENTRY--PERSONAL NAME
Personal name Campan, Raymond.
942 ## - ADDED ENTRY ELEMENTS (KOHA)
Koha item type សៀវភៅភាសាអង់គ្លេស
952 ## - LOCATION AND ITEM INFORMATION (KOHA)
Withdrawn status [LOCAL, KOHA] 0
Holdings
Permanent Location Date acquired Koha item type Lost status Shelving location Barcode Current Location Full call number
Library Block A2017-10-02សៀវភៅភាសាអង់គ្លេស A058A22003Library Block A591 PRE 1986 A058 Or.
មជ្ឈមណ្ឌលឯការនៃសាកលវិទ្យាល័យភូមិន្ទកសិកម្មចំការដូង

Powered by Koha